| Tag |
First Indicator |
Second Indicator |
Subfields |
| LEADER |
00000cam a2200000Ki 4500 |
| 001 |
in00003829921 |
| 005 |
20190415180147.0 |
| 006 |
m o d |
| 007 |
cr cnu---unuuu |
| 008 |
140527s2014 gau o 001 0 eng d |
| 035 |
|
|
|a (OCoLC)ocn880579955
|
| 040 |
|
|
|a N$T
|b eng
|e rda
|e pn
|c N$T
|d OCLCO
|d E7B
|d OCLCF
|d KNOVL
|d ZCU
|d OCLCQ
|d OCLCO
|d YDXCP
|d EBLCP
|d DEBSZ
|d OCLCO
|d AGLDB
|d LVT
|d OCLCQ
|
| 019 |
|
|
|a 907247118
|a 961662139
|a 962722032
|
| 020 |
|
|
|a 0881737291
|q (electronic bk.)
|
| 020 |
|
|
|a 9780881737295
|q (electronic bk.)
|
| 020 |
|
|
|a 9781680154825
|q (electronic bk.)
|
| 020 |
|
|
|a 1680154826
|q (electronic bk.)
|
| 020 |
|
|
|z 0881737283
|
| 020 |
|
|
|z 9780881737288
|
| 020 |
|
|
|z 9781482255676
|
| 020 |
|
|
|z 1482255677
|
| 035 |
|
|
|a (OCoLC)880579955
|z (OCoLC)907247118
|z (OCoLC)961662139
|z (OCoLC)962722032
|
| 050 |
|
4 |
|a TH7015
|b .M66 2014eb
|
| 072 |
|
7 |
|a TEC
|x 005050
|2 bisacsh
|
| 082 |
0 |
4 |
|a 697
|2 23
|
| 049 |
|
|
|a TXAM
|
| 100 |
1 |
|
|a Sugarman, Samuel C.,
|d 1946-
|
| 245 |
1 |
0 |
|a Testing and balancing HVAC air and water systems /
|c Samuel C. Sugarman.
|
| 250 |
|
|
|a Fifth edition.
|
| 264 |
|
1 |
|a Lilburn, GA :
|b The Fairmont Press, Inc.,
|c [2014]
|
| 300 |
|
|
|a 1 online resource
|
| 336 |
|
|
|a text
|b txt
|2 rdacontent
|
| 337 |
|
|
|a computer
|b c
|2 rdamedia
|
| 338 |
|
|
|a online resource
|b cr
|2 rdacarrier
|
| 500 |
|
|
|a Includes index.
|
| 588 |
0 |
|
|a Print version record.
|
| 650 |
|
0 |
|a Heating
|x Equipment and supplies
|x Testing.
|
| 650 |
|
0 |
|a Ventilation
|x Equipment and supplies
|x Testing.
|
| 650 |
|
0 |
|a Air conditioning
|x Equipment and supplies
|x Testing.
|
| 650 |
|
0 |
|a Balancing of machinery.
|
| 650 |
|
0 |
|a Heat balance (Engineering)
|
| 650 |
|
7 |
|a TECHNOLOGY & ENGINEERING
|x Construction
|x Heating, Ventilation & Air Conditioning.
|2 bisacsh
|
| 650 |
|
7 |
|a Air conditioning
|x Equipment and supplies
|x Testing.
|2 fast
|0 (OCoLC)fst00802300
|
| 650 |
|
7 |
|a Balancing of machinery.
|2 fast
|0 (OCoLC)fst00825702
|
| 650 |
|
7 |
|a Heat balance (Engineering)
|2 fast
|0 (OCoLC)fst00953849
|
| 650 |
|
7 |
|a Heating
|x Equipment and supplies
|x Testing.
|2 fast
|0 (OCoLC)fst00954053
|
| 650 |
|
7 |
|a Ventilation
|x Equipment and supplies
|x Testing.
|2 fast
|0 (OCoLC)fst01165263
|
| 655 |
|
7 |
|a Electronic books.
|2 local
|
| 710 |
2 |
|
|a Knovel (Firm)
|
| 776 |
1 |
8 |
|i Print version:
|a Sugarman, Samuel C., 1946-
|t Testing and balancing HVAC air and water systems.
|b Fifth edition
|z 0881737283
|w (DLC) 2014008675
|w (OCoLC)875055926
|
| 856 |
4 |
0 |
|u http://proxy.library.tamu.edu/login?url=http://app.knovel.com/hotlink/toc/id:kpTBHVAC01/testing-and-balancing
|z Connect to the full text of this electronic book
|t 0
|
| 999 |
f |
f |
|s 4d27cdcb-be94-3efd-9a1c-d54307e1ca32
|i baaa7dbe-1123-3d46-8feb-2dfbaf33984c
|t 0
|
| 952 |
f |
f |
|a Texas A&M University
|b College Station
|c Electronic Resources
|d Available Online
|t 0
|e TH7015 .M66 2014eb
|h Library of Congress classification
|
| 998 |
f |
f |
|a TH7015 .M66 2014eb
|t 0
|l Available Online
|